| 000 | 00678nam a22001697a 4500 | ||
|---|---|---|---|
| 999 |
_c63463 _d63463 |
||
| 003 | Ge_BSU | ||
| 005 | 20251015144039.0 | ||
| 008 | 251015s1971 ge ||||| |||| 00| 0 geo d | ||
| 041 | _ageo | ||
| 080 | _a821.353.1-4 : 321(47+57):172 ა-98 | ||
| 245 | _aახალი სიმაღლეებისათვის. | ||
| 264 |
_aთბ. : _bსაბჭ. საქართველო, _c1971. |
||
| 300 |
_a91გვ. ; _b20სმ. |
||
| 490 | _aსკკპ XXIV ყრილობის შესახვედრად | ||
| 653 | _aკომუნისტური მშენებლობა სსრ კავშირში | ||
| 942 |
_2udc _cᲬᲘᲒᲜᲘ |
||